Διοίκηση - οργάνωση ξενοδοχειακών επιχειρήσεων : διπλωματική εργασία

Αποθηκεύτηκε σε:
Λεπτομέρειες βιβλιογραφικής εγγραφής
Κύριος συγγραφέας: Μαστροκωστόπουλος, Κωνσταντίνος
Συγγραφή απο Οργανισμό/Αρχή: Πανεπιστήμιο Αιγαίου Σχολή Επιστημών της Διοίκησης Τμήμα Διοίκησης Επιχειρήσεων - Τ.Δ.Ε
Άλλοι συγγραφείς: Δούνιας, Γεώργιος Δ. (Εισηγητής διατριβής)
Μορφή: Thesis Βιβλίο
Γλώσσα:Greek
Δημοσίευση: 2004
Θέματα:
Ετικέτες: Προσθήκη ετικέτας
Δεν υπάρχουν, Καταχωρήστε ετικέτα πρώτοι!

MARC

LEADER 00000cam a2200000 i 4500
001 1/77926
008 050603s2004 gre d
035 |l 10078372 
040 |a GR-MY-UA  |b gre  |e aacr 
041 0 |a gre 
082 0 |a 647.94068  |2 (22) 
100 1 |a Μαστροκωστόπουλος, Κωνσταντίνος. 
245 1 0 |a Διοίκηση - οργάνωση ξενοδοχειακών επιχειρήσεων :  |b διπλωματική εργασία /  |c Μαστοκωστόπουλος Κωνσταντίνος ; επιβλέπων Δούνιας Γεώργιος 
260 |c 2004 
300 |a 100 σ.;  |b σχ.;  |c 30 εκ. 
502 # # |a Πτυχιακή εργασία – Πανεπιστήμιο Αιγαίου, Χίος, 2004. 
504 |a Περιλαμβάνει βιβλιογραφία 
610 2 0 |a Πανεπιστήμιο Αιγαίου. 
650 0 0 |a Hospitality industry  |x Management. 
650 0 0 |a Hotel management. 
650 0 0 |a Dissertations, Academic  |z Greece. 
700 1 |4 ths  |a Δούνιας, Γεώργιος Δ. 
710 1 |a Πανεπιστήμιο Αιγαίου  |b Σχολή Επιστημών της Διοίκησης  |b Τμήμα Διοίκησης Επιχειρήσεων - Τ.Δ.Ε. 
852 |a INST  |b CHIOS  |c DIATR  |e 20050603  |h 647.94068 ΜΑΣ  |p 005200022778  |q 005200022778  |t DIE  |y 23 
852 |a INST  |b CHIOS  |c DIATR  |e 20050603  |h 647.94068 ΜΑΣ  |p 005200022779  |q 005200022779  |t DIE  |y 23 
901 |a BIBL2-2005-2 
909 |a Χ  |b 112174 
909 |a Χ  |b 112173 
924 |a ΜΑΣΤΡΟΚΩΣΤΟΠΟΥΛΟΣ  |b ΚΩΝΣΤΑΝΤΙΝΟΣ  |y ΧΙΟΣ  |z 2004-06 
970 |a ΒΑΣΙΛΑΚΗ  |b ΝΙΚΗ  |z 2005/06/03